ნორმალური ფორმატი
MARC ფორმატი
ჩანაწერი Personal Name
ჩანაწერთა რაოდენობა, რომელიც გამოყენებულია: 1
001 - CONTROL NUMBER
- control field: 23902
003 - CONTROL NUMBER IDENTIFIER
- control field: GE_BSU
005 - DATE AND TIME OF LATEST TRANSACTION
- control field: 20241206170024.0
008 - FIXED-LENGTH DATA ELEMENTS
- fixed length control field: 241206|| aca||aabn | a|a d
040 ## - CATALOGING SOURCE
- Original cataloging agency: GE_BSU
- Transcribing agency: GE_BSU
100 ## - HEADING--PERSONAL NAME
- Personal name: Афанасьев, В.В.
- Titles and other words associated with a name: Автор
670 ## - SOURCE DATA FOUND
- Source citation: Work cat.: (GE_BSU)49170: Агапов, П. В. 23900, Русская социология /
